Build Mobile Apps with Ionic 4 and Firebase: (Record no. 36436)

MARC details
000 -LEADER
fixed length control field 00494nam a22001697a 4500
005 - DATE AND TIME OF LATEST TRANSACTION
control field 20240821131853.0
008 - FIXED-LENGTH DATA ELEMENTS--GENERAL INFORMATION
fixed length control field 240821b |||||||| |||| 00| 0 eng d
020 ## - INTERNATIONAL STANDARD BOOK NUMBER
ISBN 9781484237748
082 ## - DEWEY DECIMAL CLASSIFICATION NUMBER
Classification number 005.35
Item number CHE-B
100 ## - MAIN ENTRY--AUTHOR
Author Name CHE-B
245 ## - TITLE STATEMENT
Title Build Mobile Apps with Ionic 4 and Firebase:
Remainder of title : Hybrid Mobile App Development /
Statement of responsibility, etc. Fu Cheng
260 ## - PUBLICATION, DISTRIBUTION, ETC.
Place of Publication USA:
Name of publisher, distributor, etc. Wiley:
Date of publication, distribution, etc. 2018.
300 ## - PHYSICAL DESCRIPTION
Pages xiv, 435 p. :
500 ## - GENERAL NOTE
General note include index.
650 ## - SUBJECT ADDED ENTRY--TOPICAL TERM
Subject / Department Mobile application
300 ## - PHYSICAL DESCRIPTION
-- ill;
-- 24 cm.
952 ## - LOCATION AND ITEM INFORMATION (KOHA)
-- 0
-- 0
952 ## - LOCATION AND ITEM INFORMATION (KOHA)
-- 0
-- 0
952 ## - LOCATION AND ITEM INFORMATION (KOHA)
-- 0
-- 0
952 ## - LOCATION AND ITEM INFORMATION (KOHA)
-- 0
-- 0
952 ## - LOCATION AND ITEM INFORMATION (KOHA)
-- 0
-- 0
Holdings
Lost status Damaged status Collection code Permanent Location Current Location Shelving Location Date acquired Full Call Number Accession No./Barcode Date last seen Copy number item type Koha item type
    CS/IT Superior Information Resource Center (SIRC) Superior University- Gold Campus Superior Information Resource Center (SIRC) Superior University- Gold Campus Mobile Application 08/21/2024 005.35 CHE-B 2018 17319 08/21/2024 1 BOOK BOOK
    CS/IT Superior Information Resource Center (SIRC) Superior University- Gold Campus Superior Information Resource Center (SIRC) Superior University- Gold Campus Mobile Application 08/21/2024 005.35 CHE-B 2018 17230 08/21/2024 2 BOOK BOOK
    CS/IT Superior Information Resource Center (SIRC) Superior University- Gold Campus Superior Information Resource Center (SIRC) Superior University- Gold Campus Mobile Application 08/21/2024 005.35 CHE-B 2018 17233 08/21/2024 3 BOOK BOOK
    CS/IT Superior Information Resource Center (SIRC) Superior University- Gold Campus Superior Information Resource Center (SIRC) Superior University- Gold Campus Mobile Application 08/21/2024 005.35 CHE-B 2018 17232 08/21/2024 4 BOOK BOOK
    CS/IT Superior Information Resource Center (SIRC) Superior University- Gold Campus Superior Information Resource Center (SIRC) Superior University- Gold Campus Mobile Application 08/21/2024 005.35 CHE-B 2018 17231 08/21/2024 5 BOOK BOOK

Powered by Koha